000 00500nam a2200205Ia 4500
003 GCL
008 140319s9999 xx 000 0 eng d
040 _aGCL /
_cGCL
082 0 4 _a746.97
_bS S
100 1 _aSUNSET BOOKS
245 1 0 _aSLIPCOVERS BEDSPREADS /
_cSUNSET BOOKS
260 _a[S.N] :
_bLAME PUBLISHING CO. ،
_c1979
300 _a120 P
490 _aSUNSET
_v0
650 0 4 _aTEXTILE
650 0 4 _aBEDCOVERS
650 0 4 _aDESIGN - TEXTILE
650 0 4 _aHARDWORK
942 _2ddc
_cBK
999 _c20905
_d20905